000 00567nam a2200229 a 4500
003 AR-BaBNM
005 20251128204430.0
008 082120s2002 ||||||||||||||000 | spa||
040 _cAR-BaBNM
100 1 _aKroncke, G.
245 0 0 _aTejidos y labores sencillas
260 _aBuenos Aires
_bKapelusz
_c1975
300 _a101 p.
_bil.
490 0 _aCómo hacer
650 4 _aARTESANIAS
650 4 _aEDUCACION ARTISTICA
650 4 _aARTES TEXTILES
653 _aMANUALIDADES
700 1 _aGhio, Viviana S. de
_etraductor
942 _cBK
998 _cEnrique
999 _c7405
_d7405